[Event "Potiguar-ch"]
[Site "Natal"]
[Date "2013.10.04"]
[Round "6.5"]
[White "Macedo, Maximo Valerio"]
[Black "Cunha, Rafael Fernandes"]
[Result "1-0"]
[WhiteElo "2053"]
[BlackElo "1916"]
[PlyCount "37"]
[EventDate "2013.09.27"]
[EventType "swiss"]
[EventRounds "9"]
[EventCountry "BRA"]
[SourceTitle "EXT 2015"]
[Source "ChessBase"]
[SourceDate "2014.11.20"]
[SourceVersion "1"]
[SourceVersionDate "2014.11.20"]
[SourceQuality "1"]

1. e4 c6 2. d3 d5 3. Nd2 e5 4. Ngf3 Bd6 5. g3 Bg4 6. Bg2 Nf6 7. c3 0-0 8. Qc2 Nbd7 9. 0-0 Qb6 10. h3 Bh5 11. Nh4 dxe4 12. dxe4 Qa6 13. Re1 Be2 14. Rxe2 Qxe2 15. Bf1 Qh5 16. Nc4 g5 17. Be2 g4 18. Nxd6 Rab8 19. Qd1 1-0

[Event "Potiguar-ch"]
[Site "Natal"]
[Date "2013.09.29"]
[Round "5.10"]
[White "Cunha, Rafael Fernandes"]
[Black "Lacerda, Gabriel Valero Bell"]
[Result "1-0"]
[WhiteElo "1916"]
[BlackElo "1757"]
[PlyCount "83"]
[EventDate "2013.09.27"]
[EventType "swiss"]
[EventRounds "9"]
[EventCountry "BRA"]
[SourceTitle "EXT 2015"]
[Source "ChessBase"]
[SourceDate "2014.11.20"]
[SourceVersion "1"]
[SourceVersionDate "2014.11.20"]
[SourceQuality "1"]

1. d4 Nf6 2. c4 g6 3. Nc3 Bg7 4. e4 d6 5. Nf3 Nbd7 6. Be2 c5 7. 0-0 0-0 8. d5 a6 9. Ne1 Rb8 10. a4 Ne8 11. Bg5 Nc7 12. Qd2 f6 13. Bh6 Ne5 14. Bxg7 Kxg7 15. f4 Nf7 16. h4 f5 17. h5 Nh6 18. hxg6 hxg6 19. e5 Rh8 20. e6 Ng4 21. Bxg4 fxg4 22. g3 Rh5 23. Ng2 Qh8 24. Nh4 b5 25. axb5 axb5 26. Ra7 Rb7 27. Rxb7 Bxb7 28. b3 bxc4 29. bxc4 Ba6 30. Qd3 Qh7 31. f5 g5 32. f6+ exf6 33. Qxh7+ Rxh7 34. Nf5+ Kf8 35. Nxd6 Ke7 36. Nf5+ Ke8 37. Rb1 Kd8 38. Rb8+ Bc8 39. Nd6 Ke7 40. Nxc8+ Kf8 41. Nd6+ Ke7 42. Nf5# 1-0

[Event "Potiguar-ch"]
[Site "Natal"]
[Date "2013.09.28"]
[Round "2.1"]
[White "Macedo, Maximo Iack Miranda"]
[Black "Cunha, Rafael Fernandes"]
[Result "1-0"]
[WhiteElo "2368"]
[BlackElo "1916"]
[PlyCount "59"]
[EventDate "2013.09.27"]
[EventType "swiss"]
[EventRounds "9"]
[EventCountry "BRA"]
[SourceTitle "EXT 2015"]
[Source "ChessBase"]
[SourceDate "2014.11.20"]
[SourceVersion "1"]
[SourceVersionDate "2014.11.20"]
[SourceQuality "1"]

1. e4 c6 2. Nc3 d5 3. Nf3 Bg4 4. h3 Bxf3 5. Qxf3 e6 6. d3 Nd7 7. Bd2 Ne7 8. g3 Ng6 9. Bg2 Bb4 10. a3 Ba5 11. b4 Bb6 12. Qe2 Qf6 13. Rb1 0-0 14. 0-0 Bd4 15. Nd1 b5 16. Kh2 Qe7 17. f4 f5 18. c3 Bb6 19. Ne3 a5 20. Rbe1 axb4 21. axb4 fxe4 22. dxe4 d4 23. cxd4 Bxd4 24. e5 Rac8 25. Rc1 c5 26. Nc2 Rc7 27. Nxd4 Nb6 28. Nxb5 Rcc8 29. Nd6 Rcd8 30. bxc5 1-0

[Event "Potiguar-ch"]
[Site "Natal"]
[Date "2013.09.27"]
[Round "1.14"]
[White "Cunha, Rafael Fernandes"]
[Black "Ananias, Thales Rodrigo Lima"]
[Result "1-0"]
[WhiteElo "1916"]
[BlackElo "1775"]
[PlyCount "49"]
[EventDate "2013.09.27"]
[EventType "swiss"]
[EventRounds "9"]
[EventCountry "BRA"]
[SourceTitle "EXT 2015"]
[Source "ChessBase"]
[SourceDate "2014.11.20"]
[SourceVersion "1"]
[SourceVersionDate "2014.11.20"]
[SourceQuality "1"]

1. d4 d5 2. c4 e6 3. Nc3 Bb4 4. a3 Bxc3+ 5. bxc3 dxc4 6. Qa4+ Bd7 7. Qxc4 Nf6 8. Bg5 Nc6 9. Nf3 h6 10. Bh4 g5 11. Bg3 Ne4 12. e3 Nxg3 13. hxg3 Qf6 14. Rb1 0-0-0 15. Qb3 b6 16. Ba6+ Kb8 17. c4 Bc8 18. Qb5 Bxa6 19. Qxa6 e5 20. d5 Ne7 21. 0-0 e4 22. Nd4 Ka8 23. Nb5 Kb8 24. Qxa7+ Kc8 25. Qxc7# 1-0

[Event "Natal Potiguar op"]
[Site "Natal"]
[Date "2013.07.07"]
[Round "5"]
[White "Cunha, Rafael Fernandes"]
[Black "Da Silva, Antonio Dutra"]
[Result "1-0"]
[WhiteElo "1907"]
[BlackElo "1781"]
[PlyCount "55"]
[EventDate "2013.07.05"]
[EventType "swiss"]
[EventRounds "6"]
[EventCountry "BRA"]
[SourceTitle "EXT 2014"]
[Source "ChessBase"]
[SourceDate "2013.11.20"]
[SourceVersion "1"]
[SourceVersionDate "2013.11.20"]
[SourceQuality "1"]

1. d4 Nf6 2. c4 g6 3. Nc3 e6 4. e4 Bg7 5. Bg5 h6 6. Bh4 g5 7. Bg3 d6 8. Be2 Nc6 9. h4 a6 10. hxg5 hxg5 11. Rxh8+ Bxh8 12. Qd2 Nd7 13. d5 Bxc3 14. Qxc3 Nce5 15. dxe6 fxe6 16. Bh5+ Kf8 17. 0-0-0 Qf6 18. f4 Nc6 19. Qd2 gxf4 20. Bxf4 e5 21. Bg5 Qe6 22. Rf1+ Kg7 23. Bf7 Qxf7 24. Bh6+ Kh8 25. Rxf7 Nd4 26. Qg5 Ne6 27. Qe7 Ndf8 28. Rxf8+ 1-0

[Event "Fortaleza Alves memorial 17th"]
[Site "Fortaleza"]
[Date "2013.05.19"]
[Round "5"]
[White "Cunha, Rafael Fernandes"]
[Black "Leite, Joao Carlos Zirpoli"]
[Result "1-0"]
[WhiteElo "1914"]
[BlackElo "1709"]
[PlyCount "87"]
[EventDate "2013.05.17"]
[EventType "swiss"]
[EventRounds "6"]
[EventCountry "BRA"]
[SourceTitle "CBM 154 Extra"]
[Source "ChessBase"]
[SourceDate "2013.06.25"]
[SourceVersion "2"]
[SourceVersionDate "2013.06.25"]
[SourceQuality "1"]

1. d4 Nf6 2. c4 g6 3. Nc3 Bg7 4. e4 d6 5. Nf3 0-0 6. Be2 e5 7. 0-0 Nbd7 8. Bg5 c5 9. d5 Re8 10. Ne1 h6 11. Be3 Nh7 12. Qd2 Ng5 13. Qc2 Nf8 14. Nd3 f5 15. f3 f4 16. Bf2 Nh3+ 17. gxh3 Bxh3 18. Kh1 Bxf1 19. Rxf1 Nh7 20. Rg1 g5 21. Bf1 Qd7 22. Be1 Nf6 23. Qg2 a6 24. h4 Qf7 25. hxg5 Qh5+ 26. Qh3 hxg5 27. Qxh5 Nxh5 28. Rxg5 Nf6 29. Bh3 Re7 30. Bh4 Kf7 31. Be6+ Rxe6 32. dxe6+ Kg8 33. Nd5 Nh7 34. Rg6 Nf8 35. Rg2 Nxe6 36. Be7 Nd4 37. Ne1 Kf7 38. Bxd6 Rc8 39. Rg5 Bf6 40. Nxf6 Kxf6 41. Rxe5 Rh8+ 42. Kg2 Rg8+ 43. Kf2 Rg3 44. Rxc5 1-0

[Event "Potiguar-ch"]
[Site "Natal"]
[Date "2012.09.23"]
[Round "4.6"]
[White "De Lima, Alan Silva"]
[Black "Cunha, Rafael Fernandes"]
[Result "0-1"]
[WhiteElo "1848"]
[BlackElo "1912"]
[PlyCount "102"]
[EventDate "2012.09.21"]
[EventType "swiss"]
[EventRounds "9"]
[EventCountry "BRA"]
[SourceTitle "EXT 2022"]
[Source "ChessBase"]
[SourceDate "2021.10.06"]
[SourceVersion "1"]
[SourceVersionDate "2021.10.06"]
[SourceQuality "1"]

1. c4 e5 2. g3 d5 3. cxd5 Qxd5 4. Nf3 Nc6 5. Bg2 Be6 6. 0-0 Qd7 7. Re1 Be7 8. d3 0-0-0 9. Qa4 f6 10. Be3 a6 11. Nc3 g5 12. a3 Nd4 13. Qxd7+ Rxd7 14. Bxd4 exd4 15. Ne4 g4 16. Nh4 f5 17. Nd2 Bxh4 18. gxh4 Ne7 19. e3 dxe3 20. Rxe3 Bf7 21. Rae1 Ng6 22. h3 Nxh4 23. hxg4 Nxg2 24. Kxg2 fxg4 25. Kg3 h5 26. Ne4 Bg6 27. Nc5 Rd5 28. b4 a5 29. Re6 axb4 30. Rxg6 Rxc5 31. axb4 Rd5 32. Re3 Rd4 33. b5 h4+ 34. Kh2 Rf4 35. Re2 Rhf8 36. Kg1 b6 37. Rc2 R8f5 38. Rg7 Rc5 39. Rg8+ Kb7 40. Rb2 Rc3 41. Ra2 Rb3 42. Rg5 Rxd3 43. Rh5 h3 44. Rc2 Rd7 45. Kh1 Rg7 46. Ra2 Rc4 47. Rb2 Rc5 48. Rh6 Rgg5 49. Rh4 Rxb5 50. Rxb5 Rxb5 51. Rxg4 Rh5 0-1

[Event "Potiguar-ch"]
[Site "Natal"]
[Date "2012.09.22"]
[Round "3"]
[White "Cunha, Rafael Fernandes"]
[Black "Macedo, Maximo Iack Miranda"]
[Result "0-1"]
[WhiteElo "1912"]
[BlackElo "2400"]
[PlyCount "74"]
[EventDate "2012.09.21"]
[EventType "swiss"]
[EventRounds "9"]
[EventCountry "BRA"]
[SourceTitle "EXT 2022"]
[Source "ChessBase"]
[SourceDate "2021.10.06"]
[SourceVersion "1"]
[SourceVersionDate "2021.10.06"]
[SourceQuality "1"]

1. d4 d5 2. c4 e6 3. Nc3 c6 4. Nf3 dxc4 5. a4 Bb4 6. e3 b5 7. Nd2 Qd7 8. Qg4 f5 9. Qh5+ g6 10. Qd1 Nf6 11. Qc2 Bb7 12. b3 Bxc3 13. Qxc3 Nd5 14. Qc2 c3 15. Nf3 b4 16. e4 Nf6 17. e5 Ne4 18. Bh6 Na6 19. Rd1 0-0-0 20. Ng5 Nd2 21. Nf3 Nxf3+ 22. gxf3 c5 23. Be2 cxd4 24. Be3 dxe3 25. Rxd7 Rxd7 26. fxe3 Rd2 27. Qc1 Nc5 28. 0-0 Rxe2 29. e4 Rd8 30. Rd1 Rxd1+ 31. Qxd1 c2 32. Qxe2 c1Q+ 33. Kg2 fxe4 34. fxe4 Bxe4+ 35. Kh3 Qh6+ 36. Kg3 Qg5+ 37. Kh3 Bf5+ 0-1

[Event "Potiguar-ch"]
[Site "Natal"]
[Date "2012.09.22"]
[Round "2"]
[White "Cunha, Rafael Fernandes"]
[Black "Silveira Filho, Neri da Silva"]
[Result "1-0"]
[WhiteElo "1912"]
[BlackElo "2243"]
[PlyCount "109"]
[EventDate "2012.09.21"]
[EventType "swiss"]
[EventRounds "9"]
[EventCountry "BRA"]
[SourceTitle "EXT 2022"]
[Source "ChessBase"]
[SourceDate "2021.10.06"]
[SourceVersion "1"]
[SourceVersionDate "2021.10.06"]
[SourceQuality "1"]

1. d4 g6 2. e4 Bg7 3. f4 d5 4. e5 h5 5. Nc3 Nh6 6. Nf3 Nf5 7. Be2 c6 8. 0-0 0-0 9. Qe1 b6 10. Qf2 Na6 11. Ng5 Nb4 12. Bd1 f6 13. Nf3 a5 14. a3 Na6 15. Nh4 Nxh4 16. Qxh4 fxe5 17. fxe5 Rxf1+ 18. Kxf1 Qf8+ 19. Bf3 Bg4 20. Qf2 Bxf3 21. Qxf3 Qxf3+ 22. gxf3 Rf8 23. Ke2 Nc7 24. Be3 Ne6 25. Rg1 Kh7 26. Na4 b5 27. Nc3 b4 28. axb4 axb4 29. Na4 Ra8 30. b3 c5 31. Nxc5 Nxc5 32. dxc5 Bxe5 33. Rg5 Bxh2 34. Rxd5 Ra2 35. Kd3 Ra7 36. Rd4 Bg3 37. Rxb4 h4 38. Bf4 Bxf4 39. Rxf4 g5 40. Rg4 Kg6 41. b4 Kf5 42. c6 e5 43. b5 Rc7 44. c4 h3 45. Rg1 e4+ 46. fxe4+ Kf4 47. c5 g4 48. b6 h2 49. Rh1 Rh7 50. b7 Rh3+ 51. Kc2 Rh8 52. c7 g3 53. b8Q g2 54. c8Q+ Kf3 55. Qf5+ 1-0

[Event "Recife Arraes Memorial 5th"]
[Site "Recife"]
[Date "2012.09.08"]
[Round "5"]
[White "Cunha, Rafael Fernandes"]
[Black "Soares, Alberto M Colares"]
[Result "1-0"]
[WhiteElo "1912"]
[BlackElo "2199"]
[PlyCount "48"]
[EventDate "2012.09.06"]
[EventType "swiss"]
[EventRounds "7"]
[EventCountry "BRA"]
[SourceTitle "EXT 2013"]
[Source "ChessBase"]
[SourceDate "2012.11.22"]
[SourceVersion "1"]
[SourceVersionDate "2012.11.22"]
[SourceQuality "1"]

1. c4 e6 2. Nc3 d5 3. d4 Nf6 4. Bg5 Be7 5. Nf3 0-0 6. e3 h6 7. Bh4 b6 8. Bd3 Bb7 9. 0-0 dxc4 10. Bxc4 Nbd7 11. Qc2 g5 12. Bg3 Nh5 13. d5 Nxg3 14. hxg3 e5 15. d6 Bf6 16. Rfd1 c6 17. Qf5 Bg7 18. Ne4 Bc8 19. Qg6 Nf6 20. Nxe5 Nd5 21. Nxc6 fxg6 22. Bxd5+ Be6 23. Bxe6+ Kh7 24. Nxd8 Raxd8 1-0

[Event "Recife Arraes Memorial 5th"]
[Site "Recife"]
[Date "2012.09.07"]
[Round "3"]
[White "Cunha, Rafael Fernandes"]
[Black "Cunha, Jose Manoel Vercosa"]
[Result "1-0"]
[WhiteElo "1912"]
[BlackElo "1722"]
[PlyCount "78"]
[EventDate "2012.09.06"]
[EventType "swiss"]
[EventRounds "7"]
[EventCountry "BRA"]
[SourceTitle "EXT 2013"]
[Source "ChessBase"]
[SourceDate "2012.11.22"]
[SourceVersion "1"]
[SourceVersionDate "2012.11.22"]
[SourceQuality "1"]

1. c4 e5 2. Nc3 Nf6 3. g3 Nc6 4. Bg2 Bc5 5. a3 a6 6. b4 Bd4 7. Bb2 d6 8. e3 Bxc3 9. Bxc3 0-0 10. Ne2 Re8 11. 0-0 Bd7 12. d3 Qc8 13. Re1 Bg4 14. Qc2 Qf5 15. f4 e4 16. d4 Bf3 17. Bxf3 Ng4 18. Bxg4 Qxg4 19. d5 Nd8 20. Nd4 f5 21. Qe2 Qg6 22. Qg2 Nf7 23. Ne6 Rxe6 24. dxe6 Qxe6 25. Qe2 Nh6 26. Red1 Rf8 27. Rd2 Ng4 28. h3 Nh6 29. Rad1 Qg6 30. Kg2 Nf7 31. Rd5 h5 32. c5 c6 33. R5d2 d5 34. a4 Nh6 35. Kh2 h4 36. gxh4 Kf7 37. Rg1 Qh7 38. Rxg7+ Qxg7 39. Bxg7 Kxg7 1-0

[Event "Paraiban-ch op"]
[Site "Joao Pessoa"]
[Date "2012.08.05"]
[Round "6"]
[White "Born, Ary"]
[Black "Cunha, Rafael Fernandes"]
[Result "0-1"]
[WhiteElo "1444"]
[BlackElo "1898"]
[PlyCount "30"]
[EventDate "2012.08.03"]
[EventType "swiss"]
[EventRounds "6"]
[EventCountry "BRA"]
[SourceTitle "EXT 2014"]
[Source "ChessBase"]
[SourceDate "2013.11.20"]
[SourceVersion "1"]
[SourceVersionDate "2013.11.20"]
[SourceQuality "1"]

1. e4 c5 2. Nf3 e6 3. d4 cxd4 4. Nxd4 a6 5. c3 b5 6. e5 Qc7 7. Bf4 Bb7 8. Nd2 Ne7 9. c4 Ng6 10. N2f3 Nxf4 11. Ng5 Qxe5+ 12. Be2 Bb4+ 13. Kf1 Bxg2+ 14. Kg1 Qxg5 15. Nf3 Nh3# 0-1

[Event "Paraiban-ch op"]
[Site "Joao Pessoa"]
[Date "2012.08.05"]
[Round "5"]
[White "Cunha, Rafael Fernandes"]
[Black "De Barbosa, Antonio Atenilson"]
[Result "0-1"]
[WhiteElo "1898"]
[BlackElo "2080"]
[PlyCount "116"]
[EventDate "2012.08.03"]
[EventType "swiss"]
[EventRounds "6"]
[EventCountry "BRA"]
[SourceTitle "EXT 2014"]
[Source "ChessBase"]
[SourceDate "2013.11.20"]
[SourceVersion "1"]
[SourceVersionDate "2013.11.20"]
[SourceQuality "1"]

1. c4 Nf6 2. Nc3 g6 3. d4 Bg7 4. e4 d6 5. f4 0-0 6. Nf3 c5 7. d5 e6 8. dxe6 Bxe6 9. Bd3 Nc6 10. 0-0 Bg4 11. h3 Bxf3 12. Qxf3 Nd4 13. Qd1 Nd7 14. Ne2 f5 15. exf5 Nxf5 16. Bxf5 Rxf5 17. Qxd6 Qe8 18. Ng3 Rf7 19. Qd1 Nb6 20. Qc2 Qe6 21. Bd2 Bd4+ 22. Kh1 Qxc4 23. Qe4 Bxb2 24. Rad1 Qxe4 25. Nxe4 Bd4 26. Rc1 Na4 27. Nd6 Rd7 28. Nb5 Bb2 29. Rc2 a6 30. Bc3 axb5 31. Bxb2 Nxb2 32. Rxb2 b4 33. Re1 Kf7 34. Re5 b6 35. Kg1 Re8 36. Rxe8 Kxe8 37. Kf2 Kf7 38. Ke3 Kf6 39. a3 Ra7 40. axb4 Ra3+ 41. Ke2 c4 42. b5 Kf5 43. Rb4 Rb3 44. Rxc4 Rxb5 45. g4+ Ke6 46. Ke3 Kd6 47. Ke4 Rc5 48. Rxc5 Kxc5 49. f5 gxf5+ 50. gxf5 Kd6 51. Kd4 h5 52. Kc4 Ke5 53. Kb5 Kxf5 54. Kxb6 Kf4 55. Kc5 Kg3 56. Kd4 Kxh3 57. Ke3 Kg2 58. Kf4 h4 0-1

[Event "Paraiban-ch op"]
[Site "Joao Pessoa"]
[Date "2012.08.04"]
[Round "3"]
[White "Cunha, Rafael Fernandes"]
[Black "Rodrigues da Silva, Evandro"]
[Result "0-1"]
[WhiteElo "1898"]
[BlackElo "2162"]
[PlyCount "138"]
[EventDate "2012.08.03"]
[EventType "swiss"]
[EventRounds "6"]
[EventCountry "BRA"]
[SourceTitle "EXT 2014"]
[Source "ChessBase"]
[SourceDate "2013.11.20"]
[SourceVersion "1"]
[SourceVersionDate "2013.11.20"]
[SourceQuality "1"]

1. c4 g6 2. Nc3 Bg7 3. d4 c5 4. d5 d6 5. e4 a6 6. f4 e5 7. dxe6 fxe6 8. Nf3 Nc6 9. Bd3 Nh6 10. 0-0 0-0 11. Qc2 Ng4 12. Ne2 b5 13. cxb5 Nb4 14. Qb3 Nxd3 15. Qxd3 axb5 16. Qxb5 Ba6 17. Qb3 c4 18. Qb4 Rb8 19. Qd2 c3 20. Nxc3 Qb6+ 21. Rf2 Nxf2 22. Qxf2 Qc6 23. Nd4 Qc4 24. Be3 e5 25. Nf3 Bb7 26. Nd2 Qd3 27. Rd1 exf4 28. Ba7 Qc2 29. Nb3 Qxf2+ 30. Kxf2 Ra8 31. Bd4 Bh6 32. Kf3 Kf7 33. a4 Bc6 34. a5 Ke6 35. Bb6 Bg7 36. Nd4+ Kd7 37. b4 Bb7 38. b5 Rac8 39. Rd3 Rc4 40. Nce2 d5 41. exd5 Bxd5+ 42. Kf2 Be4 43. Rc3 Rfc8 44. Rxc4 Rxc4 45. a6 Rb4 46. Bc5 Bxd4+ 47. Nxd4 Rb2+ 48. Ke1 Bxg2 49. b6 g5 50. b7 Bxb7 51. axb7 Rxb7 52. Bf8 g4 53. Bh6 Rb4 54. Ne2 f3 55. Ng3 Rb2 56. Nf1 Re2+ 57. Kd1 Re4 58. Bd2 Re2 59. Bf4 Ke6 60. Bg3 Kf5 61. Nd2 h5 62. Nb3 Ke4 63. Nd2+ Kd3 64. Nb3 Ke3 65. Nc5 Rxh2 66. Bxh2 f2 67. Bf4+ Kf3 68. Nd3 f1Q+ 69. Ne1+ Kxf4 0-1

[Event "Paraiban-ch op"]
[Site "Joao Pessoa"]
[Date "2012.08.03"]
[Round "2"]
[White "Moura, Paulo Jorge Alves"]
[Black "Cunha, Rafael Fernandes"]
[Result "0-1"]
[WhiteElo "2142"]
[BlackElo "1898"]
[PlyCount "78"]
[EventDate "2012.08.03"]
[EventType "swiss"]
[EventRounds "6"]
[EventCountry "BRA"]
[SourceTitle "EXT 2014"]
[Source "ChessBase"]
[SourceDate "2013.11.20"]
[SourceVersion "1"]
[SourceVersionDate "2013.11.20"]
[SourceQuality "1"]

1. d4 Nf6 2. c4 g6 3. Nc3 Bg7 4. e4 d6 5. g3 0-0 6. Bg2 e5 7. d5 Nh5 8. Bf3 Nf6 9. Nge2 Bh3 10. Bg5 Qc8 11. Ng1 Bd7 12. Qd2 Kh8 13. h3 Ne8 14. Bg2 f5 15. f3 Nf6 16. Nge2 fxe4 17. fxe4 Rf7 18. g4 Qf8 19. Rf1 Na6 20. a3 Nc5 21. Qc2 a5 22. a4 Bh6 23. Bh4 Bg7 24. Ng3 c6 25. 0-0-0 cxd5 26. cxd5 Rc8 27. b3 b5 28. axb5 Bxb5 29. Rf2 a4 30. b4 Nb3+ 31. Kb2 Rfc7 32. Rf3 Nd4 33. Qf2 Nxf3 34. Bxf6 Qxf6 35. Nxb5 Rc2+ 36. Qxc2 Rxc2+ 37. Kxc2 Nd4+ 38. Nxd4 exd4 39. Rf1 d3+ 0-1

[Event "Fortaleza Brazil op 2nd"]
[Site "Fortaleza"]
[Date "2012.04.05"]
[Round "1"]
[White "Cunha, Rafael Fernandes"]
[Black "De Souza, Arthur Olintho"]
[Result "0-1"]
[WhiteElo "2040"]
[BlackElo "2076"]
[PlyCount "64"]
[EventDate "2012.04.05"]
[EventType "swiss"]
[EventRounds "7"]
[EventCountry "BRA"]
[SourceTitle "CBM 147 Extra"]
[Source "ChessBase"]
[SourceDate "2012.04.24"]
[SourceVersion "1"]
[SourceVersionDate "2012.04.24"]
[SourceQuality "1"]

1. c4 c5 2. Nc3 Nc6 3. Nf3 e5 4. e3 g6 5. d4 exd4 6. exd4 Bg7 7. d5 Ne5 8. Be2 d6 9. 0-0 Ne7 10. Bg5 h6 11. Bh4 0-0 12. Nd2 g5 13. Bg3 Nf5 14. Nde4 Nxg3 15. Nxg3 f5 16. Nh5 f4 17. Nxg7 Kxg7 18. a3 g4 19. Kh1 Qh4 20. g3 Qh3 21. gxf4 Rxf4 22. b3 Qxc3 23. Rc1 Qd4 24. Qe1 Bf5 25. f3 Re8 26. Qg3 Nd3 27. Bxd3 Bxd3 28. Rfd1 Rxf3 29. Qxd6 Qe4 30. Kg1 Qe3+ 31. Kh1 Be4 32. Qd7+ Rf7# 0-1

[Event "Natal op-A 9th"]
[Site "Natal"]
[Date "2012.02.20"]
[Round "6"]
[White "Rocha, Vitor Firmo de Souz"]
[Black "Cunha, Rafael Fernandes"]
[Result "1-0"]
[WhiteElo "1905"]
[BlackElo "1827"]
[PlyCount "83"]
[EventDate "2012.02.17"]
[EventType "swiss"]
[EventRounds "7"]
[EventCountry "BRA"]
[SourceTitle "CBM 147 Extra"]
[Source "ChessBase"]
[SourceDate "2012.04.24"]
[SourceVersion "1"]
[SourceVersionDate "2012.04.24"]
[SourceQuality "1"]

1. f4 d5 2. Nf3 c5 3. e3 Nc6 4. b3 Bf5 5. Bb2 Nf6 6. Bb5 a6 7. Bxc6+ bxc6 8. Ne5 Qc7 9. 0-0 Bd7 10. d3 e6 11. Nd2 Be7 12. c4 0-0 13. Qe1 a5 14. Qg3 Rfb8 15. a4 Nh5 16. Qh3 g6 17. g4 Ng7 18. g5 Nh5 19. Ng4 Qd8 20. e4 Be8 21. Nh6+ Kf8 22. Rae1 Rb7 23. Ng4 dxc4 24. Nxc4 Rxb3 25. Rf3 Rxb2 26. Nxb2 Qd4+ 27. Kh1 Qxb2 28. f5 Qd2 29. Ref1 exf5 30. exf5 Bxg5 31. Ne5 f6 32. fxg6 hxg6 33. Qe6 Ra7 34. Nxc6 Bxc6 35. Qxc6 Qc3 36. Rd1 Rf7 37. d4 Qc2 38. Rdf1 Qd2 39. d5 Ke7 40. R3f2 Qd4 41. d6+ Qxd6 42. Re2+ 1-0